Statistics for Classic British TV Characters - 4

Click here to take the quiz!

General Stats

  • This quiz has been taken 103 times
  • The average score is 12 of 20

Answer Stats

CharacterDatesGenreShow% Correct
Norman Stanley Fletcher1974-1977
1978
SitcomPorridge
Going Straight
94%
Jim Royle1998-2012SitcomThe Royle Family
93%
Victor Meldrew1990-2000SitcomOne Foot in the Grave
88%
Margo Leadbetter1975-1978SitcomThe Good Life
88%
Granville1973-1985
2013-2019
SitcomOpen All Hours
Still Open All Hours
86%
Agnes Brown2011-SitcomMrs. Brown's Boys
85%
Geraldine Granger1994-2020SitcomThe Vicar of Dibley
81%
Audrey fforbes-Hamilton1979-1981SitcomTo the Manor Born
78%
D.C. Jim Carver1983-2010DramaThe Bill
73%
Gary Sparrow1993-1999SitcomGoodnight Sweetheart
67%
Yosser Hughes1980-1982DramaBoys from the Blackstuff
59%
Gene Hunt2006-2007
2008-2010
DramaLife on Mars
Ashes to Ashes
58%
D.C.I. Jane Tennison1991-2006DramaPrime Suspect
43%
Gary Strang1992-1998SitcomMen Behaving Badly
41%
Richie Richard1991-1995SitcomBottom
36%
C.J.1976-1979SitcomThe Fall and Rise of Reginald Perrin
35%
Brian Potter2001-2002SitcomPhoenix Nights
30%
Richard Bellamy1971-1975DramaUpstairs Downstairs
30%
Maurice Moss2006-2013SitcomThe IT Crowd
26%
Scarlett O'Hara2002-SoapRiver City
2%

Score Distribution

Percentile by Number Answered

Percent of People with Each Score

Your Score History

You have not taken this quiz